000 00331nam a22001457a 4500
003 OSt
005 20211227155653.0
008 211227b |||||||| |||| 00| 0 eng d
020 _a0748761470
040 _cHU
082 _a004
100 _aBradley Ray
_925567
245 _aUnderstanding Computer Science
942 _2ddc
_cBOOKS
_n0
999 _c24454
_d24454